书目信息 |
| 题名: |
将零碎时间用起来学英语
|
|
| 作者: | ;思马得学校 编 | |
| 分册: | 100首经典英语诗歌 | |
| 出版信息: | 苏州 苏州大学出版社 2007 |
|
| 页数: | 395页 | |
| 开本: | 10×14cm | |
| 丛书名: | Smart英语系列丛书 | |
| 单 册: | ||
| 中图分类: | H31 , H319.4:I12 | |
| 科图分类: | ||
| 主题词: | 英语--自学参考资料 , 英语--汉语--对照读物 , 诗歌--世界--选集 , 英语 , 汉语 , 诗歌 | |
| 电子资源: | ||
| ISBN: | 978-7-81090-812-2 | |
| 000 | 00981oam2 2200313 450 | |
| 001 | 1574285955 | |
| 005 | 20150208141219.92 | |
| 010 | @a978-7-81090-812-2@dCNY10.00 | |
| 100 | @a20080611d2007 em y0chiy50 ea | |
| 101 | 0 | @achi@aeng |
| 102 | @aCN@b320000 | |
| 105 | @ay z 000gy | |
| 200 | 1 | @a将零碎时间用起来学英语@9jiang ling sui shi jian yong qi lai xue ying yu@i100首经典英语诗歌@f思马得学校编 |
| 210 | @a苏州@c苏州大学出版社@d2007 | |
| 215 | @a395页@d10×14cm | |
| 225 | 1 | @aSmart英语系列丛书 |
| 330 | @a本书精选了100首英语名诗,均以抒情诗为主。每首诗歌附有作者简介,译法充分体现原诗的意境和修辞特点。 | |
| 461 | 0 | @12001 @aSmart英语系列丛书 |
| 606 | 0 | @a英语@j自学参考资料 |
| 606 | 0 | @a英语@x汉语@j对照读物 |
| 606 | 0 | @a诗歌@y世界@j选集 |
| 606 | 0 | @a英语 |
| 606 | 0 | @a汉语 |
| 606 | 0 | @a诗歌 |
| 690 | @aH31@v5 | |
| 690 | @aH319.4:I12@v5 | |
| 711 | 02 | @a思马得学校@9si ma de xue xiao@4编 |
| 801 | 0 | @aCN@bTSSF@c20150208 |
| 905 | @aZUCC@dH31@eJY31 | |
| 将零碎时间用起来学英语.100首经典英语诗歌/思马得学校编.-苏州:苏州大学出版社,2007 |
| 395页;10×14cm.-(Smart英语系列丛书) |
| ISBN 978-7-81090-812-2:CNY10.00 |
| 本书精选了100首英语名诗,均以抒情诗为主。每首诗歌附有作者简介,译法充分体现原诗的意境和修辞特点。 |
| ● |
| 相关链接 |
|
|
|
|
正题名:将零碎时间用起来学英语
索取号:H31/JY31
 
预约/预借
| 序号 | 登录号 | 条形码 | 馆藏地/架位号 | 状态 | 备注 |
| 1 | 7842619 | 278426197 | 学院路分馆/ [索取号:H31/JY31] | 在馆 | |
| 2 | 7842620 | 278426204 | 学院路分馆/ [索取号:H31/JY31] | 在馆 |